[Event "2004 WA Championship"]
[Site "?"]
[Date "2004.08.15"]
[Round "7"]
[White "Garcia, Mat"]
[Black "Walker, Colin"]
[Result "1/2-1/2"]
[WhiteElo "1452"]
[BlackElo "1372"]

1. e4 e5 2. Nf3 d6 3. d4 exd4 4. Nxd4 Nf6 5. Nc3 a6 6. Bd3 Bg4 7. f3 Bd7 8. Be3 c5 9. Nde2 Nc6 10. O-O Be7 11. Nf4 O-O 12. Ncd5 Ne5 13. c3 Nxd5 14. Nxd5 Be6 15. Nxe7+ Qxe7 16. Bc2 Rad8 17. b3 d5 18. exd5 Bxd5 19. Qe2 Ng6 20. Qf2 Rc8 21. Rad1 Be6 22. Rfe1 Qc7 23. Re2 Nf4 24. Bxh7+ Kxh7 25. Qh4+ Kg8 26. Bxf4 Qa5 27. Qg3 Bf5 28. Red2 Bg6 29. c4 Qc3 
30. Qg5 Qf6 31. Qxf6 gxf6 32. Rd7 b5 33. R7d6 bxc4 34. bxc4 Rfe8 35. Rxa6 Re2 36. Rd2 Re6 37. Rdd6 Re2 38. Rdc6 Rd8 39. Rd6 Rde8 40. Rd2 Rxd2 41. Bxd2 Bd3 42. Rc6 Bxc4 43. Rxc5 Bxa2 44. Bc3 Kg7 45. Rg5+ Kf8 46. Bb4+ Re7 47. Bxe7+ Kxe7 48. Ra5 Be6 49. Kf2 Kf8 50. g4 Kg7 51. Kg3 Kg6 52. Kf4 Bb3 53. h4 Be6 54. Ra8 Kg7 55. Ra6 Bc4 56. Rc6 Bb3 57. Kf5 Bd5 58. Rxf6 Bxf3 59. Kg5 Bxg4 60. Rf4 Bd1 61. h5 Bb3 62. h6+ Kh7 63. Kf6 Be6 64. Rf2 Bd5 65. Rd2 Be6 66. Rg2 Bc4 67. Rg7+ Kxh6 68. Rg2 Kh7 69. Rh2+ Kg8 70. Rg2+ Kh7 71. Rg5 Be6 72. Rg3 Kh8 73. Rg7 Bc4 74. Rg2 Be6 75. Kg5 Kg7 76. Rf2 Bd5 1/2-1/2

[Event "2004 WA Championship"]
[Site "?"]
[Date "2004.08.15"]
[Round "7"]
[White "Saxon, Marc"]
[Black "Ellis, David"]
[Result "0-1"]
[WhiteElo "1617"]
[BlackElo "2034"]

1. e4 Nc6 2. d4 d5 3. Nc3 dxe4 4. d5 Ne5 5. Nxe4 e6 6. Bb5+ Bd7 7. Bxd7+ Qxd7 8. dxe6 Qxd1+ 9. Kxd1 O-O-O+ 10. Ke1 Re8 11. f3 Rxe6 12. Kf2 f5 13. Ng5 Bc5+ 14. Kf1 Re7 15. Bf4 Ng6 16. Bg3 Nf6 17. Bf2 Bxf2 18. Kxf2 Rhe8 19. g3 Ne5 20. Rd1 h6 21. N5h3 g5 22. f4 Neg4+ 23. Kf3 Ne3 24. fxg5 hxg5 25. Ke2 Nxd1+ 26. Kxd1 Rd7+ 0-1

[Event "2004 WA Championship"]
[Site "?"]
[Date "2004.08.15"]
[Round "7"]
[White "Lockwood, Tom"]
[Black "O'Donoghue, Brett"]
[Result "1-0"]
[WhiteElo "1691"]
[BlackElo "1406"]

1. d4 Nf6 2. c4 e6 3. Nc3 Bb4 4. e3 b6 5. a3 Bxc3+ 6. bxc3 Bb7 7. Nf3 O-O 8. Bd3 Ne4 9. Qc2 f5 10. a4 a5 11. Ba3 d6 12. O-O Ng5 13. Nxg5 Qxg5 14. f4 Qh6 15. e4 fxe4 16. Bxe4 Bxe4 17. Qxe4 Na6 18. Rae1 Rfe8 19. f5 e5 20. Qd5+ Kh8 21. dxe5 dxe5 22. Rxe5 Rad8 23. Rfe1 1-0

[Event "2004 WA Championship"]
[Site "?"]
[Date "2004.08.15"]
[Round "7"]
[White "Barber, Haydn"]
[Black "Boyd, Tristan"]
[Result "1/2-1/2"]
[WhiteElo "2135"]
[BlackElo "2231"]

1. f4 d5 2. Nf3 g6 3. g3 Bg7 4. Bg2 Nf6 5. O-O b6 6. c4 c6 7. cxd5 cxd5 8. Nc3 Bb7 9. Ne5 O-O 10. d4 Nbd7 11. Qa4 e6 12. Bd2 a6 13. Qb3 Nxe5 14. dxe5 Nd7 15. Be3 Rb8 16. Rfd1 Re8 17. Bd4 Qe7 18. Rac1 Rec8 19. Na4 b5 20. Nb6 Nxb6 21. Bxb6 Rc4 22. Qe3 Rbc8 23. b3 R4c6 24. Rxc6 Rxc6 25. Rc1 Rxc1+ 26. Qxc1 f6 1/2-1/2

[Event "2004 WA Championship"]
[Site "?"]
[Date "2004.08.15"]
[Round "7"]
[White "Maris, Natalie"]
[Black "Hardegen, Andrew"]
[Result "1/2-1/2"]
[WhiteElo "1592"]
[BlackElo "1892"]

1. e4 e6 2. Nf3 d5 3. exd5 exd5 4. d4 Bd6 5. Nc3 c6 6. Bd3 Qe7+ 7. Be3 Bg4 8. O-O Nf6 9. Re1 O-O 10. Bg5 Qd8 11. h3 Bxf3 12. Qxf3 Nbd7 13. Ne2 Qb6 14. b3 Rfe8 15. c4 c5 16. Bxf6 Nxf6 17. cxd5 cxd4 18. Rac1 Qa5 19. Bc4 b5 20. Bd3 Ba3 21. Rb1 Rad8 22. Red1 Rxd5 23. Nf4 Rde5 24. Ne2 Nd5 25. Nxd4 Nc3 26. Nc6 Qc7 27. Bxh7+ Kxh7 28. Qxc3 Rc5 29. Qd3+ g6 
30. Nd4 a6 31. b4 Rc3 32. Qd2 Re4 33. Qg5 Qe7 34. Nf3 Bxb4 1/2-1/2

[Event "2004 WA Championship"]
[Site "?"]
[Date "2004.08.15"]
[Round "7"]
[White "Tomic, Nedeljko"]
[Black "Maris, Robert"]
[Result "0-1"]
[WhiteElo "1622"]
[BlackElo "1949"]

1. g4 d5 2. Bg2 g6 3. c4 d4 4. d3 e5 5. Nf3 Nc6 6. h3 Be7 7. Nh2 Be6 8. Bxc6+ bxc6 9. e4 dxe3 10. Bxe3 f5 11. gxf5 Bxf5 12. Ng4 Qd6 13. Nc3 h5 14. c5 Qe6 15. Nh2 Bxh3 16. Qf3 Nf6 17. O-O-O Rf8 18. d4 O-O-O 19. Bh6 Rf7 20. Qd3 Rxd4 21. Qa6+ Kb8 22. Nf3 Rxd1+ 23. Rxd1 Nh7 24. Rd3 Bf1 25. Nb5 Qc4+ 26. Rc3 Qxb5 27. Qa3 Ka8 28. b4 Bf6 29. Qb3 Rd7 30. a4 Qe2 31. Re3 Qc4+ 32. Qxc4 Bxc4 33. Nxe5 Bxe5 34. Rxe5 Nf6 35. Bg5 Ng4 36. Re4 Bd5 37. Re8+ Kb7 38. f4 Nh2 39. Re2 Nf3 40. Be7 h4 41. f5 gxf5 42. b5 h3 43. bxc6+ Kxc6 0-1

[Event "2004 WA Championship"]
[Site "?"]
[Date "2004.08.15"]
[Round "7"]
[White "Kueh, Michael"]
[Black "Whitehead, Paul"]
[Result "1-0"]
[WhiteElo "1872"]
[BlackElo "1654"]

1. f4 d5 2. g3 Nf6 3. Bg2 Bf5 4. c4 c6 5. Qb3 Qd7 6. Nf3 e6 7. O-O Bd6 8. d4 O-O 9. Nbd2 c5 10. Ne5 Qe7 11. e3 cxd4 12. exd4 Nc6 13. Nxc6 bxc6 14. c5 Rab8 15. cxd6 Qxd6 16. Qc3 Rfc8 17. Nb3 Rb4 18. Qc5 Qb8 19. Bd2 Rc4 20. Qa5 Bc2 21. Bc3 Bxb3 22. axb3 Qxb3 23. Rfc1 c5 24. dxc5 R4xc5 25. Qxa7 h6 26. Qa4 Qb6 27. Qd4 Qd6 28. Bd2 Nd7 29. Rxc5 Qxc5 30. Qxc5 Rxc5 31. Rc1 f6 32. Rxc5 Nxc5 33. b4 Nd7 34. Be3 Kf7 35. Kf2 Ke7 36. Ke2 Kd6 37. Bh3 e5 38. Bxd7 Kxd7 39. Bc5 g6 40. Bf8 h5 41. fxe5 fxe5 42. Kd3 Kc6 43. Bg7 Kd6 44. b5 e4+ 45. Kd4 e3 46. Kxe3 Kc5 47. b6 Kxb6 48. Kd4 Kc6 49. Bf8 g5 50. h3 g4 51. h4 Kd7 52. Kxd5 Ke8 53. Bd6 Kf7 54. Ke5 Kg6 55. Ke6 Kh7 56. Kf5 1-0

[Event "2004 WA Championship"]
[Site "?"]
[Date "2004.08.15"]
[Round "7"]
[White "Hare, Tim"]
[Black "Lakner, Jay"]
[Result "1-0"]
[WhiteElo "2059"]
[BlackElo "2003"]

1. Nf3 g6 2. e4 c5 3. Nc3 Nc6 4. d3 Bg7 5. g3 e6 6. Bg2 Nge7 7. O-O O-O 8. Bg5 h6 9. Be3 Nd4 10. Ne2 e5 11. c3 Nxf3+ 12. Bxf3 d6 13. Bg2 Qc7 14. Qd2 Kh7 15. f4 f5 16. d4 fxe4 17. fxe5 Bf5 18. d5 Bxe5 19. Bxh6 Bg7 20. Bxg7 Kxg7 21. c4 Ng8 22. Nf4 Rae8 23. Rae1 Nf6 24. h3 Kg8 25. g4 e3 26. Rxe3 Rxe3 27. Qxe3 Re8 28. Ne6 Bxe6 29. dxe6 Qe7 30. Bd5 Rf8 31. Qh6 Nh7 32. Qxg6+ Kh8 33. Rxf8+ Nxf8 34. Qh6+ Nh7 35. g5 Kg8 36. h4 a6 
37. Qg6+ Kf8 38. Qf7+ Qxf7 39. exf7 b5 40. b3 bxc4 41. bxc4 Kg7 42. Kg2 Nf8 43. h5 Nh7 44. h6+ 1-0

[Event "2004 WA Championship"]
[Site "?"]
[Date "2004.08.15"]
[Round "7"]
[White "Dunlop, Gordon"]
[Black "Baker, Russell"]
[Result "1-0"]
[WhiteElo "1768"]
[BlackElo "1808"]

1. g3 e5 2. d4 e4 3. Bg2 d5 4. c4 c6 5. Nc3 Be6 6. c5 Be7 7. f3 f5 8. fxe4 fxe4 9. Nh3 Nf6 10. O-O O-O 11. b4 Na6 12. Nf4 Qd7 13. Nxe6 Qxe6 14. b5 cxb5 15. Nxb5 Ng4 16. Bf4 g5 17. Bd6 Rxf1+ 18. Bxf1 Bxd6 19. Nxd6 Qf6 20. Bg2 Rf8 21. Qd2 Qf2+ 22. Kh1 Ne3 23. Rg1 Rf6 24. Qa5 Nxg2 25. Qd8+ Rf8 26. Qxg5+ Kh8 27. Qe5+ Qf6 28. Rf1 1-0

[Event "2004 WA Championship"]
[Site "?"]
[Date "2004.08.15"]
[Round "7"]
[White "Haselgrove, Miles"]
[Black "Jahangirian, Mohammad"]
[Result "0-1"]
[WhiteElo "1481"]
[BlackElo "1700"]

1. e4 c5 2. Nf3 Nc6 3. d4 cxd4 4. Nxd4 d6 5. c4 Nf6 6. Nc3 a6 7. Be2 g6 8. Be3 Bg7 9. Qd2 h5 10. f3 Bd7 11. O-O Rc8 12. Rac1 Ne5 13. Nd5 O-O 14. Qb4 Bc6 15. Nxc6 bxc6 16. Nxf6+ Bxf6 17. Qa4 c5 18. Rfd1 Qb6 19. Rb1 a5 20. a3 Nc6 21. Bd2 Rfd8 22. Bc3 Bd4+ 23. Kh1 Rb8 24. Qc2 Qb3 25. Qc1 Kg7 26. Rd3 Qb7 27. Bd1 a4 28. f4 e5 29. f5 Bxc3 30. Rxc3 Qe7 31. Rf3 Kh7 32. f6 Qf8 33. Rh3 Qh6 34. Qc2 Nd4 35. Qf2 Qf4 36. Qe1 Qxf6 37. g4 Kg7 38. gxh5 Rh8 39. Rg3 Kf8 40. hxg6 fxg6 41. Qg1 Rg8 42. Bh5 Ke7 43. Bxg6 Ne2 0-1

[Event "2004 WA Championship"]
[Site "?"]
[Date "2004.08.15"]
[Round "7"]
[White "Maris, Fred"]
[Black "Viswanath, Ganesh"]
[Result "0-1"]
[WhiteElo "1564"]
[BlackElo "1575"]

1. e4 c5 2. c3 d5 3. exd5 Qxd5 4. Nf3 e5 5. Na3 Nc6 6. Nb5 Qd8 7. Be2 a6 8. Na3 g6 9. d3 Bg7 10. O-O b5 11. Re1 Nge7 12. Be3 Qd6 13. Ng5 f5 14. Qb3 Nd8 15. Rad1 h6 16. Nf3 Be6 17. Qc2 Rc8 18. Qb1 Ndc6 19. Bc1 O-O 20. b3 Nd5 21. Bb2 Nf4 22. Bf1 Bf7 23. Nc2 Ne6 24. d4 cxd4 25. Ba3 Nc5 26. cxd4 Nxd4 27. Ncxd4 exd4 28. Bb2 Ne6 29. Qa1 Rfd8 30. Rd2 g5 31. Red1 Bh5 32. Be2 Nf4 33. Nxd4 Nxe2+ 34. Nxe2 Qxd2 35. Rxd2 Rxd2 36. Bxg7 Bxe2 37. Bxh6 Rd1+ 38. Qxd1 Bxd1 39. Bxg5 Rc2 40. a3 Kf7 41. Be3 Ra2 42. Bc5 Bxb3 43. g3 Bd5 44. Kf1 Bf3 45. Ke1 a5 46. h4 Ke6 47. Bf8 Kd5 0-1

[Event "2004 WA Championship"]
[Site "?"]
[Date "2004.08.15"]
[Round "7"]
[White "Johnstone, Ray"]
[Black "Fedec, John"]
[Result "1/2-1/2"]
[WhiteElo "1679"]
[BlackElo "1714"]

1. e4 c5 2. b3 Nc6 3. Bb2 e6 4. Nf3 Nf6 5. e5 Nd5 6. Be2 g6 7. O-O Bg7 8. Re1 O-O 9. Bb5 Nde7 10. Nc3 a6 11. Bxc6 Nxc6 12. Ne4 b6 13. Nf6+ Kh8 14. Ng5 Nxe5 15. Ngxh7 d6 16. Rxe5 Bxf6 17. Nxf6 dxe5 18. Bxe5 Bb7 19. d3 Kg7 20. Qg4 Rh8 21. Re1 Kf8 22. Re3 Bc6 23. Rg3 b5 24. Bc3 b4 25. Be5 Qa5 26. Bd6+ Kg7 27. Nh5+ Kg8 28. Nf6+ 1/2-1/2

[Event "2004 WA Championship"]
[Site "?"]
[Date "2004.08.15"]
[Round "7"]
[White "Lubtschenko, Wally"]
[Black "Deheer, Alex"]
[Result "1-0"]
[WhiteElo "1663"]
[BlackElo "1559"]

1. d4 Nf6 2. Bf4 d5 3. Nc3 e6 4. Nf3 Bb4 5. a3 Bxc3+ 6. bxc3 Ne4 7. Qd3 c6 8. c4 Qa5+ 9. Nd2 g5 10. Be3 f5 11. f3 dxc4 12. Qxc4 Nd6 13. Qb4 Qxb4 14. axb4 f4 15. Bf2 Na6 16. c3 Nb5 17. Rc1 Nd6 18. h4 gxh4 19. Bxh4 Rg8 20. Bf6 Nf5 21. Be5 Ne3 22. Kf2 Rf8 23. Rxh7 Bd7 24. Bd6 O-O-O 25. Bxf8 Rxf8 26. g3 Nd5 27. gxf4 Nxf4 28. Ne4 Nd5 29. Nd6+ Kc7 30. Nxb7 Nf6 31. Rxd7+ Nxd7 32. Na5 e5 33. e4 Nab8 34. dxe5 Nxe5 35. Be2 Nbd7 36. Ke3 Nb6 37. c4 Ng6 38. Rg1 Nf4 39. Bd1 Ne6 40. Rg6 Re8 41. Bb3 Nd8 42. Rg7+ Nd7 43. Ba4 Rf8 44. e5 Ne6 45. Re7 Ng5 46. Bxc6 Rxf3+ 47. Bxf3 1-0

[Event "2004 WA Championship"]
[Site "?"]
[Date "2004.08.15"]
[Round "7"]
[White "Humphries, Ryan"]
[Black "Zylstra, Peter"]
[Result "1-0"]
[WhiteElo "1431"]
[BlackElo "1263"]

1. e4 e5 2. Nf3 d6 3. Bc4 h6 4. O-O Nf6 5. Re1 Nbd7 6. Nc3 Nb6 7. Bb3 Bg4 8. d4 Nbd7 9. h3 Bxf3 10. gxf3 c6 11. f4 Qc7 12. fxe5 dxe5 13. dxe5 Nxe5 14. f4 Bc5+ 15. Kh1 Qc8 16. Kh2 Qc7 17. fxe5 Qxe5+ 18. Kg2 Rd8 19. Qf3 Bd6 20. Rh1 O-O 21. Be3 Nh5 22. Ne2 Bb8 23. Bd4 Qg5+ 24. Qg4 Rxd4 25. Qxg5 Nf4+ 26. Qxf4 Bxf4 27. Nxd4 Be3 28. Rad1 c5 29. Nb5 1-0

[Event "2004 WA Championship"]
[Site "?"]
[Date "2004.08.15"]
[Round "7"]
[White "Slack-Smith, Blair"]
[Black "Bailye, Ron"]
[Result "1-0"]
[WhiteElo "1098"]
[BlackElo "1290"]

1. e4 e5 2. Nf3 Nc6 3. Bb5 a6 4. Ba4 Nf6 5. Nc3 Be7 6. O-O b5 7. Bb3 O-O 8. a3 d6 9. h3 Bb7 10. d3 Qc8 11. Bg5 Nd8 12. Nh4 Ne6 13. Nf5 Bd8 14. Bd2 Nd4 15. Nxd4 exd4 16. Ne2 c5 17. f3 Re8 18. c3 dxc3 19. Bxc3 Nd7 20. d4 c4 21. Bc2 Nf6 22. Kh1 Nh5 23. g4 Nf6 24. d5 Nd7 25. Ng3 Ne5 26. Nf5 Qd7 27. f4 Ng6 28. Nxg7 Rf8 29. Nh5 f6 30. Qd4 Qc7 31. f5 Ne5 
32. Qe3 Nf7 33. Bxf6 Qb6 34. Qc3 Qa5 35. Qg3 Qd2 36. Bxd8 Nxd8 37. Qxd6 Qxc2 38. Qe5 Rf7 39. f6 Qd3 40. Qg5+ Kf8 41. Qg7+ Ke8 42. Qg8+ Kd7 43. Rae1 Qxh3+ 44. Kg1 Qd3 45. Qg5 Qd4+ 46. Kh2 Rc8 47. Qf5+ Kc7 48. Qf4+ Kb6 49. Qd6+ Ka7 50. Qb4 Qc5 51. Qc3 Rcc7 52. Nf4 Qf8 53. g5 Qg8 54. Ne6 Nxe6 55. dxe6 Rf8 56. e7 Rf7 57. Qd4+ Kb8 58. Qd8+ Rc8 59. Qxg8 Rxg8 60. Rd1 Kc8 61. Rd4 Bc6 62. Rfd1 Rxg5 63. Rd8+ Kc7 64. Rf8 Rh5+ 65. Kg3 Be8 66. Rd8 Rg5+ 67. Kf4 Rg6 68. e5 Bd7 69. Rxf7 Rg4+ 70. Kf3 h5 71. e8=Q 1-0

[Event "2004 WA Championship"]
[Site "?"]
[Date "2004.08.15"]
[Round "7"]
[White "McMahon, Denis"]
[Black "Hessing, Rod"]
[Result "1-0"]
[WhiteElo "1629"]
[BlackElo "1675"]

1. Nf3 d5 2. d4 Nc6 3. Nbd2 Bg4 4. h3 Bxf3 5. Nxf3 e6 6. Bf4 Nf6 7. g4 Bd6 8. Qd2 h6 9. Bg2 g5 10. Bh2 Bxh2 11. Nxh2 Qd6 12. O-O-O O-O-O 13. e3 e5 14. Nf1 Kb8 15. Ng3 Ne7 16. a4 Qa6 17. dxe5 Qxa4 18. Qc3 Qa1+ 19. Kd2 Ne4+ 20. Nxe4 dxe4+ 21. Ke2 Qa6+ 22. Ke1 Rxd1+ 23. Kxd1 Rd8+ 24. Ke1 Qa4 25. f4 Nd5 26. Qd4 Qxc2 27. Bxe4 Qb3 28. Kf2 c5 29. Qd2 gxf4 30. exf4 Kc7 31. Rd1 Qe3+ 32. Qxe3 1-0

[Event "2004 WA Championship"]
[Site "?"]
[Date "2004.08.15"]
[Round "7"]
[White "Janceski, Alex"]
[Black "Leonhardt, Wolfgang"]
[Result "0-1"]
[WhiteElo "1600"]
[BlackElo "1991"]

1. d4 Nf6 2. c4 b6 3. Bg5 e6 4. Nc3 Be7 5. e3 Bb7 6. f3 Na6 7. Bd3 O-O 8. Rc1 d5 9. cxd5 exd5 10. Nge2 c5 11. O-O c4 12. Bb1 Nc7 13. Qc2 g6 14. g4 Ne6 15. Bh6 Re8 16. Ng3 Kh8 17. Nce2 Ng8 18. Bf4 Nxf4 19. Nxf4 Bd6 20. Ng2 Qc7 21. f4 Nf6 22. h3 b5 23. g5 Ne4 24. Nxe4 dxe4 25. Nh4 Rf8 26. Qg2 Rae8 27. Qe2 Bc8 28. Kg2 Qe7 29. Rh1 f6 30. gxf6 Qxf6 31. Qe1 g5 32. Rg1 gxf4 33. Kh1 f3 34. Qf2 Bxh3 35. Rc2 Qh6 0-1

[Event "2004 WA Championship"]
[Site "?"]
[Date "2004.08.15"]
[Round "7"]
[White "Byrne, Stewart"]
[Black "Shaw, Robin"]
[Result "1-0"]
[WhiteElo "2205"]
[BlackElo "1669"]

1. d4 Nf6 2. Nf3 g6 3. c4 d6 4. Nc3 Bg7 5. e4 Nbd7 6. e5 dxe5 7. dxe5 Ng4 8. e6 fxe6 9. Ng5 Nde5 10. Qxd8+ Kxd8 11. Be2 h6 12. Bxg4 hxg5 13. Be2 Nf7 14. Bd2 Bd7 15. O-O-O Ke8 16. Ne4 Bc6 17. Nc5 Bxg2 18. Nxe6 Be5 19. Rhg1 Rxh2 20. Rxg2 Rxg2 21. Bf3 Rxf2 22. Bxb7 Nd8 23. Nxc7+ Bxc7 24. Bxa8 g4 25. Be3 Bf4 26. Bxf4 Rxf4 27. b3 g3 28. Rg1 Rg4 29. Kd2 Ne6 30. Ke3 Kd7 31. Kf3 Rg5 32. Rxg3 Rxg3+ 33. Kxg3 a5 34. Be4 Nf8 35. Kf4 Kd6 36. a3 Ne6+ 37. Ke3 g5 38. b4 axb4 39. axb4 Kc7 40. c5 Kd7 41. Bf5 1-0

[Event "2004 WA Championship"]
[Site "?"]
[Date "2004.08.22"]
[Round "8"]
[White "Payne, Sophie"]
[Black "Kueh, Michael"]
[Result "1/2-1/2"]
[WhiteElo "1681"]
[BlackElo "1872"]

1. e4 c5 2. Nf3 Nc6 3. d4 cxd4 4. Nxd4 Nf6 5. Nc3 e5 6. Nf3 Bb4 7. Bd3 h6 8. O-O d6 9. h3 O-O 10. Bd2 a6 11. Qc1 Ne8 12. Nh2 Bxc3 13. bxc3 g5 
14. Ng4 Bxg4 15. hxg4 Nc7 16. g3 Ne6 17. Kg2 Kg7 18. f4 f6 19. f5 Nc5 
20. Rb1 b5 21. c4 b4 22. Bxb4 Nxb4 23. Rxb4 Rb8 24. Qb2 Rxb4 25. Qxb4 Qc7 26. Rb1 Qc6 27. Kf3 Rc8 28. Qb6 Qxb6 29. Rxb6 Rd8 30. Ke3 Kf7 31. c3 Ke7 32. Rb1 Kd7 33. Bc2 Kc7 34. Rh1 Rh8 35. Bb3 Kc6 36. Rh2 Kc7 1/2-1/2

[Event "2004 WA Championship"]
[Site "?"]
[Date "2004.08.22"]
[Round "8"]
[White "Viswanath, Ganesh"]
[Black "Maris, Natalie"]
[Result "1-0"]
[WhiteElo "1575"]
[BlackElo "1592"]

1. Nf3 Nf6 2. d4 e6 3. Bg5 h6 4. Bh4 Be7 5. e3 b6 6. Bd3 Bb7 7. Nbd2 c5 
8. c3 O-O 9. O-O Re8 10. Ne1 Qc7 11. Bg3 Bd6 12. f4 Nd5 13. Nc2 Nc6 
14. Nc4 Bf8 15. e4 Nf6 16. e5 Nd5 17. f5 cxd4 18. cxd4 Ncb4 19. Nxb4 Nxb4 20. Be2 Qc6 21. Ne3 exf5 22. Rxf5 d6 23. Qb3 d5 24. a3 Na6 25. Bb5 Qe6 26. Bxe8 Rxe8 27. Raf1 Re7 28. Be1 Rd7 29. Nc2 Qg6 30. Qg3 Qxg3 31. Bxg3 Nc7 32. Be1 Ne6 33. Bc3 Ba6 34. Rd1 Be7 35. Nb4 Be2 36. Rd2 Bg4 37. Rf1 Bg5 38. Rc2 Be3+ 39. Kh1 Nxd4 40. Bxd4 Bxd4 41. Rf4 Bxe5 42. Rxg4 a5 43. Nd3 Bf6 44. g3 Rd6 45. Rf4 Kh7 46. Rf1 g5 47. Nf2 h5 48. Rd1 Kg6 49. Ne4 Rd7 50. Rc6 1-0

[Event "2004 WA Championship"]
[Site "?"]
[Date "2004.08.22"]
[Round "8"]
[White "Boyd, Tristan"]
[Black "Mccamon, Boyd"]
[Result "1/2-1/2"]
[WhiteElo "2231"]
[BlackElo "2145"]

1. Nf3 d5 2. d4 Nc6 3. Bf4 Bg4 4. e3 e6 5. c4 Bb4+ 6. Nc3 Nf6 7. Rc1 O-O 8. Be2 dxc4 9. Bxc4 Nh5 10. Bg3 Qe7 11. Bh4 Qxh4 12. Nxh4 Bxd1 13. Rxd1 Nf6 14. Nf3 Na5 15. Bd3 Nd5 16. Rc1 c5 17. O-O cxd4 18. Nxd5 exd5 19. Nxd4 Rac8 20. a3 Be7 21. Bf5 Rxc1 22. Rxc1 Nc4 23. Rc2 Bf6 24. a4 g6 25. Bg4 Bxd4 26. exd4 Re8 27. g3 1/2-1/2

[Event "2004 WA Championship"]
[Site "?"]
[Date "2004.08.22"]
[Round "8"]
[White "Lakner, Jay"]
[Black "Maris, Robert"]
[Result "1-0"]
[WhiteElo "2003"]
[BlackElo "1949"]

1. f4 d5 2. Nf3 g6 3. g3 Bg7 4. Bg2 Nd7 5. O-O c6 6. c3 h5 7. d3 Ndf6 
8. Qe1 Qb6+ 9. Kh1 Bg4 10. a4 Nh6 11. a5 Qc7 12. e4 dxe4 13. dxe4 Bxf3 
14. Bxf3 e5 15. Na3 h4 16. Nc4 Nhg4 17. h3 O-O-O 18. hxg4 hxg3+ 19. Kg1 exf4 20. g5 Rh4 21. gxf6 Bxf6 22. e5 Be7 23. b4 g5 24. Qe4 Qd7 25. a6 Rh6 26. Be3 b5 27. Na5 fxe3 28. Bg4 1-0

[Event "2004 WA Championship"]
[Site "?"]
[Date "2004.08.22"]
[Round "8"]
[White "O'Donoghue, Brett"]
[Black "Maris, Fred"]
[Result "1-0"]
[WhiteElo "1564"]
[BlackElo "1406"]

1. e4 e5 2. Nf3 Nc6 3. d4 exd4 4. Nxd4 Nf6 5. Nxc6 bxc6 6. e5 Qe7 7. Qe2 Nd5 8. c4 Ba6 9. b3 g6 10. Bb2 Bg7 11. Nd2 Nb4 12. Nf3 c5 13. Qe4 O-O 14. g3 Rfe8 15. Bg2 d5 16. Qe2 Rad8 17. O-O d4 18. a3 Nc6 19. Rfe1 Nxe5 20. Nxe5 Qxe5 21. Qd2 Qd6 22. Bd5 Bc8 23. b4 c6 24. Bg2 Re6 25. b5 cxb5 26. cxb5 Rde8 27. Rxe6 fxe6 28. a4 e5 29. Ba3 Qb6 30. Bc6 Rd8 31. a5 Qc7 32. Bxc5 a6 33. Bb6 Qd6 34. Bxd8 Qxd8 35. b6 Qe7 36. Rc1 Bb7 37. Bxb7 Qxb7 38. Rc7 Qb8 39. Qa2+ Kh8 40. Qf7 1-0

[Event "2004 WA Championship"]
[Site "?"]
[Date "2004.08.22"]
[Round "8"]
[White "Hessing, Rod"]
[Black "Lockwood, Tom"]
[Result "1-0"]
[WhiteElo "1675"]
[BlackElo "1691"]

1. f4 d5 2. b3 c5 3. Nf3 Nc6 4. e3 Nf6 5. Bb5 Bd7 6. Bb2 a6 7. Bxc6 bxc6 8. O-O Bg4 9. Qe1 Bxf3 10. Rxf3 e6 11. d3 Rb8 12. Nd2 d4 13. e4 a5 14. a4 Qc7 15. Nc4 Be7 16. Qxa5 Qxa5 17. Nxa5 Kd7 18. Nc4 h6 19. Ne5+ Kc7 20. Nxf7 Rhf8 21. Ne5 Bd6 22. Ng6 Rf7 23. e5 Nd5 24. exd6+ Kxd6 25. g3 Ne3 26. Rxe3 dxe3 27. Be5+ 1-0

[Event "2004 WA Championship"]
[Site "?"]
[Date "2004.08.22"]
[Round "8"]
[White "Byrne, Stewart"]
[Black "Barber, Haydn"]
[Result "0-1"]
[WhiteElo "2205"]
[BlackElo "2135"]

1. d4 f5 2. c4 Nf6 3. Nc3 d6 4. g3 g6 5. Bg2 Bg7 6. d5 O-O 7. Nh3 Nbd7 
8. Nf4 Nc5 9. O-O Bd7 10. Rb1 Qe8 11. b4 Nfe4 12. Nxe4 Nxe4 13. Bb2 Nc3 
14. Bxc3 Bxc3 15. Qc2 Be5 16. Nd3 Bf6 17. Rbe1 Qf7 18. Nf4 c6 19. e4 a5 
20. exf5 Bxf5 21. Qb3 a4 22. Qa3 Rfc8 23. Ne6 Be5 24. f4 Bh8 25. Qe3 Qf6 26. dxc6 bxc6 27. b5 d5 28. bxc6 dxc4 29. Bd5 Ra5 30. Bxc4 Rxc6 31. Qd2 Bxe6 32. Bxe6+ Rxe6 33. Rxe6 Qxe6 34. Qxa5 Bd4+ 35. Rf2 Bxf2+ 36. Kxf2 Qxa2+ 37. Kf3 Qb3+ 38. Ke4 a3 39. Qd8+ Kf7 40. Qh8 Qb1+ 41. Kd5 Qb5+ 42. Ke4 Qe2+ 43. Kd5 Qb5+ 44. Ke4 Qb2 45. Qxh7+ Qg7 46. Qh3 e6 0-1

[Event "2004 WA Championship"]
[Site "?"]
[Date "2004.08.22"]
[Round "8"]
[White "Baker, Russell"]
[Black "Fedec, John"]
[Result "0-1"]
[WhiteElo "1808"]
[BlackElo "1714"]

1. e4 c5 2. c3 Nf6 3. e5 Nd5 4. d4 cxd4 5. cxd4 d6 6. Bc4 Nb6 7. Bb5+ Nc6 8. d5 a6 9. Bxc6+ bxc6 10. dxc6 Qc7 11. exd6 exd6 12. Nf3 Be7 13. O-O O-O 14. Bf4 Qxc6 15. Nbd2 Nd5 16. Bg3 Bg4 17. h3 Bf5 18. Rc1 Qb7 19. Nb3 a5 20. Re1 Nb4 21. Nbd4 Bg6 22. Qe2 Nd3 23. Nc6 Bf6 24. Bxd6 Nxc1 25. Rxc1 Rfe8 26. Qd2 Rac8 27. Nfe5 Bxe5 28. Bxe5 Rxc6 29. Rxc6 Qxc6 30. Qxa5 Qa8 31. Qb5 f6 32. Bg3 Qxa2 0-1

[Event "2004 WA Championship"]
[Site "?"]
[Date "2004.08.22"]
[Round "8"]
[White "Whitehead, Paul"]
[Black "Garcia, Mat"]
[Result "0-1"]
[WhiteElo "1654"]
[BlackElo "1452"]

1. d4 d5 2. c4 c6 3. Nc3 e6 4. Nf3 Be7 5. Bf4 Nf6 6. e3 a6 7. Rc1 Nbd7 
8. h3 O-O 9. Bd3 dxc4 10. Bxc4 b5 11. Bd3 Bb7 12. O-O c5 13. Qe2 h6 
14. a3 cxd4 15. exd4 Nb6 16. Rfd1 Rc8 17. Be5 Bd6 18. Bxf6 Qxf6 19. Ne4 Qe7 20. Nxd6 Qxd6 21. Rxc8 Rxc8 22. Ne5 Qe7 23. Qh5 Nd5 24. Bf1 Rc2 25. Nd3 Nf6 26. Qe5 Nd7 27. Qg3 Qf6 28. Nc5 Nxc5 29. Qb8+ Kh7 30. dxc5 Qxf2+ 31. Kh2 Bxg2 32. Qg3 Bxf1+ 33. Qxf2 Rxf2+ 34. Kg1 Rxb2 35. Kxf1 Rc2 36. Rd6 Rxc5 37. Rxa6 Rc3 38. Kg2 e5 39. a4 bxa4 40. Rxa4 f5 41. h4 Rd3 42. h5 Rd4 43. Ra5 Rh4 44. Rxe5 Rxh5 45. Kg3 f4+ 46. Kxf4 Rxe5 47. Kxe5 Kg6 0-1

[Event "2004 WA Championship"]
[Site "?"]
[Date "2004.08.22"]
[Round "8"]
[White "Ellis, David"]
[Black "Johnstone, Ray"]
[Result "1/2-1/2"]
[WhiteElo "2034"]
[BlackElo "1679"]

1. Nf3 d5 2. b3 Nc6 3. Bb2 Nf6 4. e3 a6 5. c4 e6 6. Nc3 Be7 7. Qc2 O-O 
8. Be2 Nb4 9. Qb1 c5 10. d4 cxd4 11. exd4 Nc6 12. O-O dxc4 13. Bxc4 b5 
14. Bd3 Bb7 15. Rd1 Nb4 16. Be2 Qb6 17. a3 Nbd5 18. Nxd5 Bxd5 19. Qd3 Qb7 20. Rac1 Rac8 21. Ne1 Rxc1 22. Rxc1 Rc8 23. Rxc8+ Qxc8 24. Bf3 Qc6 
25. Bxd5 Nxd5 26. Qc2 1/2-1/2

[Event "2004 WA Championship"]
[Site "?"]
[Date "2004.08.22"]
[Round "8"]
[White "Dunlop, Gordon"]
[Black "Hare, Tim"]
[Result "1-0"]
[WhiteElo "1768"]
[BlackElo "2059"]

1. e4 c5 2. Nf3 Nc6 3. d4 cxd4 4. Nxd4 e5 5. Nb5 d6 6. N1c3 a6 7. Na3 Be6 8. Nd5 Nf6 9. Bg5 Be7 10. Bxf6 Bxf6 11. Nxf6+ gxf6 12. Bc4 Qa5+ 13. c3 O-O-O 14. Qd3 d5 15. Bxd5 Bxd5 16. exd5 Qxd5 17. Qxd5 Rxd5 18. Nc4 Kc7 19. Ke2 Rg8 20. g3 Rgd8 21. Rhd1 Rxd1 22. Rxd1 Rxd1 23. Kxd1 e4 24. Ke2 b5 25. Nd2 f5 26. f3 exf3+ 27. Nxf3 f6 28. Nh4 Ne7 29. Ke3 Kd6 30. b3 a5 31. Nf3 Nd5+ 32. Kd4 b4 33. cxb4 Nxb4 34. Nd2 Kc6 35. a4 Nc2+ 36. Kc3 Ne3 37. Nc4 Nf1 38. Nxa5+ Kc7 39. Nc4 Nxh2 40. Ne3 Nf3 41. Nxf5 Ng5 42. b4 h5 43. Kd4 Nf3+ 44. Kd5 Ne5 45. b5 Kb6 46. Nd6 Ng4 47. Nc4+ Kb7 48. a5 f5 49. Nd6+ Kb8 50. Nxf5 Nf6+ 51. Kc6 Ne4 52. b6 1-0

[Event "2004 WA Championship"]
[Site "?"]
[Date "2004.08.22"]
[Round "8"]
[White "Walker, Colin"]
[Black "Taylor, Paul"]
[Result "1/2-1/2"]
[WhiteElo "1372"]
[BlackElo "610"]

1. d4 d5 2. Nf3 Nf6 3. e3 Nc6 4. c4 e6 5. a3 b6 6. Nc3 Bd6 7. Be2 O-O 
8. b4 dxc4 9. Bxc4 Be7 10. O-O Bb7 11. Bb2 a6 12. Be2 Nd5 13. Rc1 b5 
14. Ne4 f5 15. Nc5 Bxc5 16. dxc5 Nde7 17. Qb3 Bc8 18. Qc3 Rf6 19. Rfd1 Nd5 20. Qb3 Rf7 21. Ne5 Nxe5 22. Bxe5 Bb7 23. Bf3 c6 24. Bd6 a5 25. Bxd5 cxd5 26. Qc3 axb4 27. axb4 Bc6 28. Be5 g6 29. Ra1 Qg5 30. Rxa8+ Bxa8 31. Qd4 Ra7 32. Bg3 Bc6 33. Qe5 Qe7 34. Qb8+ Be8 35. Bd6 Rb7 36. Qc8 Qd7 37. Qa8 Ra7 38. Qb8 Rb7 39. Qa8 Ra7 1/2-1/2

[Event "2004 WA Championship"]
[Site "?"]
[Date "2004.08.22"]
[Round "8"]
[White "Jahangirian, Mohammad"]
[Black "McMahon, Denis"]
[Result "1-0"]
[WhiteElo "1700"]
[BlackElo "1629"]

1. e4 d5 2. exd5 Nf6 3. d4 Nxd5 4. Bc4 Nc6 5. c3 Bf5 6. Qf3 e6 7. Nh3 Be7 8. O-O Qd7 9. Re1 O-O-O 10. a4 h5 11. a5 Bd6 12. Bxd5 exd5 13. Nf4 g5 14. Nd3 Bxd3 15. Qxd3 1-0 (notation unreadable, 36 moves)